Statistics for 2023-24 NAME THE NFL PLAYER BY PICTURE #4

Click here to take the quiz!

General Stats

  • This quiz has been taken 71 times
  • The average score is 12 of 20

Answer Stats

Answer% Correct
Bryce Young
95%
Jordan Love
90%
Kadarius Toney
84%
Kyle Pitts
83%
Hunter Henry
81%
Jahmyr Gibbs
79%
Dalton Kincaid
72%
Jake Ferguson
66%
Cade Otton
64%
Luke Musgrave
62%
Alec Pierce
60%
Romeo Doubs
57%
Stetson Bennett
57%
Devin Singletary
53%
Treylon Burks
53%
Juwan Johnson
47%
Matt Breida
47%
Sterling Shepard
38%
Rashaad Penny
28%
Kylen Granson
16%

Score Distribution

Percentile by Number Answered

Percent of People with Each Score

Your Score History

You have not taken this quiz